Personnages célèbres - Série 77 - Statistiques

Statistiques générales
  • Ce quiz a été pris 137 fois
  • Le résultat moyen est 7 sur 15
Statistiques - réponses
Par images Hint Réponse % Correct
Julien - chanteur français Doré
94%
Sébastien - automobile Loeb
86%
Manu - humoriste Payet
73%
Cécile - actrice belge de France
70%
Guillaume - écrivain français Musso
62%
Jennifer - actrice américaine Lawrence
61%
Emma - actrice américaine Stone
58%
Camille - miss France Cerf
51%
Audrey - actrice française Fleurot
48%
Caroline - chanteuse française Loeb
42%
Laurent - journaliste Luyat
27%
Rock - acteur américain Hudson
21%
Rachel - actrice américaine Weisz
21%
Alicia - actrice suédoise Vikander
12%
Cécile - femme de lettres Aubry
11%
Aucun quiz correspondant
Distribution des résultats
% des personnes avec chaque résultat
Percentile par nombre de réponses
Votre historique - résultats
Vous n’avez pas pris ce quiz